01027cam a22002294i 450000100090000000300050000900500170001400800410003101000170007202000180008904000230010704200080013005000240013810000330016224501350019525000170033026000330034730000530038050003060043365000270073970000310076617568161PILC20151123161034.0121219s2014 ohua b 001 0 eng  a 2012956078 a9781133947530 aDLCbengcDLCerda apcc00aHG 4026b.Eh37 20141 aEhrhardt, Michael C.,d1955-10aCorporate finance :ba focused approach /cMichael C. Ehrhardt, University of Tennessee, Eugene F. Brigham, University of Florida. a5th edition. aAustralia :bCengage,c2014. axxix, 806 pages :bcolor illustrations ;c27 cm. aIncludes access code for 6 months access to Thomson ONE, a Web-based portal product that provides integrated access to Thomson Reuters Financial content for the purpose of financial analysis. This is an educational version of the same financial resources used by Wall Street analysts on a daily basis! 0aCorporationsxFinance.1 aBrigham, Eugene F.,d1930-